000 00710nam a2200289Ia 4500
005 20260324112931.0
008 008 260324s9999 xx 000 0 eng d
020 _a9781032688558
037 _aEBOOK
040 _aCRL
040 _beng
040 _cCRL
041 _2eng
041 _aeng
084 _qCRL
100 _aPamela Beach
_91144739
245 0 _aPromoting Language and Early Literacy Development
245 0 _bPractical Insights from a Parent Researcher
260 _bTaylor and Francis
260 _c2024
365 _a
365 _b240
856 _uhttp://www.taylorfrancis.com/books/9781032688558
942 _cEBOOK
999 _c1734136
_d1734136